Význam a perspektívy komplexnej a progresívnej dohody pre Transpacifické partnerstvo pre medzinárodný obchod bakalárska práca

Guardado en:
Detalles Bibliográficos
Autor principal: Verešová, Hana
Autor Corporativo: Obchodná fakulta EU. Katedra medzinárodného obchodu
Otros Autores: Drieniková, Kristína, 1982-
Formato: Libro
Lenguaje:eslovaco
Publicado: Bratislava 2019
Etiquetas: Agregar Etiqueta
Sin Etiquetas, Sea el primero en etiquetar este registro!

MARC

LEADER 00000nbm a2200000 4500
001 0255669
005 20191018141803.6
041 0 |a slo 
044 |a SK 
245 1 0 |a Význam a perspektívy komplexnej a progresívnej dohody pre Transpacifické partnerstvo pre medzinárodný obchod  |b bakalárska práca  |c Hana Verešová ; školiteľ: Kristína Drieniková 
264 1 |a Bratislava  |c 2019 
300 |a 63 s. 
100 1 |a Verešová, Hana 
700 1 |a Drieniková, Kristína, 1982- 
710 2 |a Obchodná fakulta EU. Katedra medzinárodného obchodu